000 00478nam a2200169Ia 4500
003 GCL
008 140319s9999 xx 000 0 eng d
040 _aGCL /
_cGCL
082 0 4 _a004.22
_bSC
100 1 _aSTALLING, WILLIAM
245 1 0 _aCOMPUTER ORGANIZATION AND ARCHITECTURE /
_cSTALLING, WILLIAM
260 _a[S.N] :
_bMACMILLAN PUBLBISHING COMPANY ،
_c1993
300 _a708 P
650 0 4 _aCOMPUTER ORGANIZATION
650 0 4 _aCOMPUTER ARCHITECTURE
942 _2ddc
_cBK
999 _c10303
_d10303